Bandiere del Mondo - Asia Quiz n°2 - Statistics

Statistiche generali
  • Questo quiz è stato fatto 156 volte
  • Il punteggio medio è 21 su 24
Statistiche sulle risposte
con Immagini Risposta % Corretto
India
100%
Arabia Saudita
99%
Israele
99%
Giappone
97%
Libano
97%
Vietnam
97%
Qatar
96%
Nepal
95%
Pakistan
95%
Iran
93%
Iraq
93%
Malesia
91%
Bhutan
90%
Sri Lanka
90%
Siria
86%
Mongolia
84%
Emirati Arabi Uniti
79%
Turkmenistan
75%
Giordania
74%
Oman
74%
Myanmar
73%
Brunei
72%
Timor Est
72%
Kuwait
66%
Nessun quiz corrispondente trovato
Distribuzione punteggi
Percentuale di utenti per punteggio
Percentile per numero di risposta
I tuoi punteggi nel tempo
Non hai fatto questo quiz